Statistics for Two Clues by Country Chain

Click here to take the quiz!

General Stats

  • This quiz has been taken 500 times
  • The average score is 13 of 20

Answer Stats

Clue #1Clue #2Country% Correct
On the MediterraneanBegins with L and ends in ALibya
88%
Has over one billion peopleHindu majority populationIndia
86%
Has "United" in its nameLargest economy in the worldUnited States
84%
Has over one billion peopleLargest economy in the worldChina
83%
Communist countryLocated on a Caribbean islandCuba
75%
Five letter nameIn South AmericaChile
74%
Five letter nameLocated on a Caribbean islandHaiti
69%
Dutch is an official languageContains an EU ParliamentBelgium
67%
Dutch is an official languageIn South AmericaSuriname
67%
Has "United" in its nameBorders one countryUnited Kingdom
66%
Name contains "South"Landlocked countrySouth Sudan
66%
Name contains "South"Capital also begins with "S"South Korea
63%
Pyrenees are located hereContains an EU ParliamentFrance
62%
Pyrenees are located hereLandlocked countryAndorra
61%
African country not colonizedBegins with L and ends in ALiberia
57%
African country not colonizedBorders DjiboutiEthiopia
56%
Equatorial countryBorders DjiboutiSomalia
55%
On the MediterraneanBorders one countryMonaco
45%
Communist countryHindu majority populationNepal
42%
Equatorial countryCapital also begins with "S"São Tomé and Príncipe
17%

Score Distribution

Percentile by Number Answered

Percent of People with Each Score

Your Score History

You have not taken this quiz